Gruzínsko: Samosprávy sa učia fungovať vo vlastnej réžii

O pomoci Slovenska pri školení finančných úradníkov miestnych samospráv v Gruzínsku. Transparentnosť a zákon o slobodnom prístupe k informáciám ako jeden z nástrojov boja proti korupcii sú aj v Gruzínsku témou dňa.

Salvato in:
Dettagli Bibliografici
Autore principale: Lászlóová, Klaudia
Natura: Capitolo di libro
Lingua:slovacco
Soggetti:
Tags: Aggiungi Tag
Nessun Tag, puoi essere il primo ad aggiungerne!!

MARC

LEADER 00000naa a2200000 4500
001 0134661
005 20231018094136.7
041 0 |a slo 
044 |a SK 
245 1 0 |a Gruzínsko: Samosprávy sa učia fungovať vo vlastnej réžii  |c Klaudia Lászlóová 
520 |a O pomoci Slovenska pri školení finančných úradníkov miestnych samospráv v Gruzínsku. Transparentnosť a zákon o slobodnom prístupe k informáciám ako jeden z nástrojov boja proti korupcii sú aj v Gruzínsku témou dňa. 
610 2 0 |a financie verejné 
610 2 0 |a riadenie finančné 
610 2 0 |a samospráva miestna 
610 2 0 |a Gruzínsko 
610 2 0 |a školenie odborné 
610 2 0 |a Slovensko 
100 1 |a Lászlóová, Klaudia